000 00901nam a2200277Ia 4500
003 OSt
005 20220928125019.0
006 a|||||r|||| 00| 0
007 ta
008 220927b |||||||| |||| 00| 0 eng d
020 _c1195
024 _a127241
037 _b18, 21/10/2015, Better Book Service
_cTextual
040 _aSDCL
_cSDCL
_beng
041 _2eng
_aeng
082 _az2, Q5
100 _aDharampal-Frick Gita Ed.
_9467577
245 0 _aKey concepts in modern Indian studies
260 _aNew Delhi
_bOxford University Press
_c2015
300 _axvi;326p.
_ccm.
650 _aPolitical Science
700 _a Dwyer Rachel Ed.
_9415732
700 _a Kirloskar-Steinbach Monika Ed.
_9467578
942 _hz2, Q5
_cTEXL
_2CC
999 _c780450
_d780450